000 00574nam a2200229Ia 4500
003 OSt
005 20220924142950.0
006 a|||||r|||| 00| 0
007 ta
008 220923b |||||||| |||| 00| 0 ori d
024 _a304104
037 _cTextual
040 _aARTS
_cARTS
_bORI
041 _2ORI
_aORI
082 _aO1591,1NDAx, L7
100 _aDas Jaduaath
_9214447
245 0 _aKabita o galpa
260 _c1977
650 _aORIYA LITERATURE
_927692
942 _hO1591,1NDAx, L7
_cTEXL
_2CC
999 _c452659
_d452659